000 00386nam a2200145Ia 4500
003 GCL
008 140319s9999 xx 000 0 eng d
040 _aGCL /
_cGCL
082 0 4 _aCH
_b599
_bB G
100 1 _aBOOKS FOR WORLD EXPLORERS
245 1 0 _aGIANTS FROM THE PAST /
_cBOOKS FOR WORLD EXPLORERS
260 _a[S.N] :
_bLIBRARY OF CONGRESS
650 0 4 _aGEOGRAPHY
942 _2ddc
_cBK
999 _c18986
_d18986